000 00397pab a2200157 454500
008 180718b2015 xxu||||| |||| 00| 0 eng d
100 _aSandhu, Ramesh
245 _aConceputalizing autonomy in higher education
260 _c2015
300 _ap.147-151.
362 _a16 Feb
650 _aHigher education
650 _aEducational autonomy
773 _aUniversity News
909 _a107076
999 _c107071
_d107071